00764nam a2200181 a 450000100100000000500170001000800410002704000250006808200090009311101080010224500500021026000340026030000200029471001330031404900090044795201090045699900170056500002986120200930055849.0110426s1998 dr 000 0 spa d aDO-SdBNPbspacBNPHU axxxx2 aJornada Nacional de Alfabetización "Alfabeticemos ahora"d(1998, oct. :cSanto Domingo )d199895660900aPlan decenal de educación :btercera parte. aSanto Domingo :bSEEC,c1998. a45 p. ;c29 cm.1 aRepública Dominicana.bSecretaría de Estado de Educación y Cultutra,bDirección General de Educación de Adultos956610 aBNPD 0010718PDaPDbPDcCTd2011-04-26iLF1l0oxxxx p29861-10r2020-06-25w2020-06-25yLFPDZNo se presta c29353d29353